000 00562nam a2200157 4500
999 _c16305
_d16305
008 211116b ||||| |||| 00| 0 eng d
022 _a0732-8435
082 _aDPer 657.05 C33 Apr - Sept 2016, v86 n4-9
100 _aAfterman, Allan B.
_942708
245 _aThe PCAOB's proposed new auditor's report:
_ba sneak peek at what lies ahead/
_cAllan B. Afterman.
260 _aNew York:
_bThe New York State Society of CPA,
_c©2016.
300 _av86 n7, pages 64-65;
_c28 cm.
500 _aThe CPA Journal
650 _aAuditing
_xReport.
_943676
942 _2ddc
_cPER